Harry Potter: la Famille Black - Statistiques

Statistiques générales
  • Ce quiz a été pris 309 fois
  • Le résultat moyen est 12 sur 15
Statistiques - réponses
Information Réponses % Correct
Membre connu Sirius Black
98%
Registre auquel elle appartient Registre des Sang-Pur
97%
Statut de sang Sang-Pur
97%
Membre connue Bellatrix Black (Lestrange)
94%
Membre connue Narcissa Black (Malefoy)
93%
Membre connu Regulus Black
93%
Maison dans laquelle tous on été sauf un Serpentard
86%
Dernière apparition Harry Potter et les Reliques de la Mort
82%
Membre connue Andromeda Black (Tonks)
81%
Première apparition Harry Potter à l'école des sorciers
74%
Membre connu Orion Black
64%
Membre connu Phineas Nigellus Black
59%
Membre connue Walburga Black
57%
Ce qui arrive au "traitres" Il sont brulés sur la tapisserie de la famille
50%
Devise Toujours pur
46%
Aucun quiz correspondant
Distribution des résultats
% des personnes avec chaque résultat
Percentile par nombre de réponses
Votre historique - résultats
Vous n’avez pas pris ce quiz